West Ham United players since 2000 - Statistics

General Stats
  • This quiz has been taken 48 times
  • The average score is 105 of 293
Answer Stats
Ranking Player Positions Nationality Matches Goals Assists Periods % Correct
12 Jarrod Bowen RW 193 56 43 2019-2025
95%
9 Lukasz Fabianski GK 195 0 0 2018-2025
95%
1 Mark Noble CM 472 55 49 2004-2022
95%
3 Michail Antonio ST 268 68 36 2015-2025
95%
70 Alphonse Areola GK 63 0 0 2021-2025
92%
261 David Noble CM 3 0 0 2003-2004
92%
19 Pablo Fornals CM 152 16 14 2019-2024
92%
10 Tomáš Souček DM 194 36 9 2019-2025
92%
20 Vladimír Coufal RB 147 0 19 2020-2025
92%
2 Aaron Cresswell LB 312 10 30 2014-2025
89%
8 Angelo Ogbonna CB 201 8 1 2015-2024
89%
7 Declan Rice CM 204 10 10 2016-2023
86%
15 Manuel Lanzini AM 179 27 18 2015-2023
86%
43 Lucas Paquetá AM 92 12 9 2022-2025
84%
49 Emerson LB 89 4 4 2022-2025
81%
91 Konstantinos Mavropanos CB 52 1 0 2023-2025
81%
269 Kyel Reid LW 3 0 0 2005-2006, 2007-2008
81%
93 Ricardo Vaz Tê RW 51 15 4 2011-2015
81%
11 Winston Reid CB 194 9 7 2010-2018
81%
78 Marko Arnautovic ST 59 21 10 2017-2019
78%
68 Mohammed Kudus RW 65 13 12 2023-2025
78%
67 Andriy Yarmolenko RW 66 8 2 2018-2022
76%
35 Arthur Masuaku LB 105 1 9 2016-2022
76%
4 Carlton Cole ST 256 54 28 2006-2015
76%
50 Kurt Zouma CB 82 6 0 2021-2024
76%
34 Saïd Benrahma LW 110 15 16 2020-2024
76%
110 Aaron Wan-Bissaka RB 36 2 5 2024-2025
73%
30 Andy Carroll ST 126 33 12 2012-2019
73%
29 Joe Cole AM 127 14 5 2000-2002, 2012-2014
73%
116 Roy Carroll GK 31 0 0 2005-2007
73%
65 Yossi Benayoun RW 69 8 8 2005-2006, 2012-2013
73%
64 Ben Johnson RB 69 2 0 2018-2024
70%
128 Carlos Tevez ST 26 7 3 2006-2007
70%
95 Dimitri Payet AM 48 11 18 2015-2017
70%
84 Enner Valencia ST 54 8 6 2014-2017
70%
179 Glen Johnson RB 15 0 0 2002-2003
70%
61 Pablo Zabaleta RB 73 0 2 2017-2020
70%
115 Thilo Kehrer CB 31 0 2 2022-2024
70%
31 Adrián GK 125 0 0 2013-2018
68%
27 Cheikhou Kouyaté DM 129 12 7 2014-2018
68%
60 Paolo Di Canio ST 75 27 8 2000-2003
68%
258 Roger Johnson CB 4 0 0 2013-2014
68%
75 Diafra Sakho ST 62 18 4 2014-2018
65%
72 Felipe Anderson RW 63 10 9 2018-2021
65%
120 Frank Lampard CM 30 7 3 2000-2001
65%
40 Issa Diop CB 96 6 2 2018-2022
65%
173 Papa Bouba Diop CM 16 1 1 2011-2012
65%
58 Robert Snodgrass RW 75 7 12 2016-2017, 2018-2021
65%
206 Danny Collins CB 11 1 0 2011-2012
62%
77 Edson Álvarez DM 59 1 2 2023-2025
62%
177 Elliott Ward CB 15 0 1 2004-2006
62%
13 James Collins CB 188 6 2 2005-2009, 2012-2018
62%
83 Chicharito ST 55 16 1 2017-2020
59%
89 Danny Ings ST 52 4 5 2022-2025
59%
48 David James GK 91 0 0 2001-2004
59%
200 Demba Ba ST 12 7 0 2010-2011
59%
246 Javier Mascherano DM 5 0 0 2006-2007
59%
106 Nayef Aguerd CB 39 3 0 2022-2024
59%
162 Niclas Füllkrug ST 18 3 2 2024-2025
59%
5 Rob Green GK 219 0 1 2006-2012
59%
104 Alex Song DM 40 0 3 2014-2016
57%
113 Darren Randolph GK 33 0 0 2015-2016, 2019-2021
57%
126 Jean-Clair Todibo CB 27 0 0 2024-2025
57%
81 Jussi Jääskeläinen GK 57 0 1 2012-2015
57%
199 Rio Ferdinand CB 12 0 0 2000-2001
57%
256 Rob Hall RW 4 0 0 2011-2013
57%
23 Anton Ferdinand CB 138 5 2 2003-2008
54%
69 Craig Dawson CB 64 5 2 2020-2023
54%
6 James Tomkins CB 208 8 9 2007-2016
54%
41 Jermain Defoe ST 93 29 4 2000-2004
54%
165 Jesse Lingard AM 16 9 5 2020-2021
54%
22 Kevin Nolan AM 141 30 14 2011-2016
54%
184 Les Ferdinand ST 14 2 0 2002-2003
54%
134 Rigobert Song CB 24 0 1 2000-2002
54%
94 Sébastien Haller ST 48 10 2 2019-2021
54%
130 Freddie Ljungberg RM 25 2 4 2007-2008
51%
156 Joe Hart GK 19 0 1 2017-2018
51%
108 Maximilian Kilman CB 38 0 2 2024-2025
51%
33 Scott Parker CM 113 10 9 2007-2012
51%
76 Shaka Hislop GK 62 0 0 2000-2001, 2005-2006
51%
100 André Ayew ST 43 9 4 2016-2018
49%
247 Dan Potts CB 5 0 0 2011-2013
49%
85 Fabián Balbuena CB 54 3 0 2018-2021
49%
169 Gianluca Scamacca ST 16 3 0 2022-2023
49%
153 Nikola Vlašić AM 19 1 0 2021-2022
49%
231 Steve Potts RB 7 0 0 2000-2001
49%
56 Frédéric Kanouté ST 76 27 8 2000-2003
46%
25 Matthew Upson CB 131 4 2 2006-2011
46%
28 Michael Carrick DM 128 5 4 2000-2004
46%
217 Robbie Keane ST 9 2 1 2010-2011
46%
139 Guido Rodríguez DM 23 0 1 2024-2025
43%
90 James Ward-Prowse CM 52 8 8 2023-2025
43%
38 Jonathan Spector CB 101 1 4 2006-2011
43%
46 Luís Boa Morte LM 91 2 10 2006-2011
43%
62 Mohamed Diamé CM 71 7 2 2012-2015
43%
44 Pedro Obiang CM 91 3 3 2015-2019
43%
226 Roberto GK 8 0 0 2019-2020
43%
230 Simone Zaza ST 8 0 0 2016-2017
43%
63 Stewart Downing LM 69 7 10 2013-2015
43%
45 Trevor Sinclair LW 91 16 4 2000-2003
43%
79 Valon Behrami CM 58 4 3 2008-2011
43%
151 Victor Moses RW 21 1 2 2015-2016
43%
207 Benni McCarthy ST 11 0 0 2009-2011
41%
196 Carlos Sánchez DM 13 0 0 2018-2020
41%
157 Crysencio Summerville LW 19 1 1 2024-2025
41%
101 Edimilson Fernandes DM 42 0 1 2016-2018
41%
24 George McCartney LB 133 2 11 2006-2008, 2011-2014
41%
52 Lucas Neill CB 79 1 4 2006-2009
41%
193 Nikica Jelavic ST 13 1 2 2015-2016
41%
176 Răzvan Raț LB 15 0 0 2013-2014
41%
150 Sofiane Feghouli AM 21 3 3 2016-2017
41%
123 Alessandro Diamanti AM 28 7 5 2009-2011
38%
284 Alex Král CM 1 0 0 2021-2022
38%
26 Bobby Zamora ST 130 30 16 2003-2008
38%
136 Craig Bellamy LW 24 7 1 2007-2009
38%
39 Danny Gabbidon CB 96 0 0 2005-2007, 2009-2011
38%
16 Matthew Etherington LM 165 16 16 2003-2009
38%
148 Maxwel Cornet LW 21 1 1 2022-2024
38%
71 Ryan Fredericks RB 63 2 4 2018-2022
38%
245 Samir Nasri AM 5 0 2 2018-2019
38%
219 Tal Ben Haim CB 8 0 1 2010-2011
38%
132 Édouard Cissé DM 25 0 0 2002-2003
35%
211 Gavin Williams AM 10 1 0 2004-2005
35%
272 George Earthy AM 3 1 0 2023-2024
35%
137 José Fonte CB 24 0 1 2016-2018
35%
21 Marlon Harewood ST 141 47 15 2003-2007
35%
53 Matt Jarvis LW 78 4 3 2012-2016
35%
218 Mido ST 9 0 0 2009-2010
35%
32 Nigel Reo-Coker CM 120 11 5 2003-2007
35%
183 Oliver Scarles LB 15 0 0 2024-2025
35%
251 Patrice Evra LB 5 0 0 2017-2018
35%
59 Teddy Sheringham ST 75 28 6 2004-2007
35%
17 Tomas Repka CB 164 0 1 2001-2006
35%
213 Andrew Irving CM 10 0 0 2024-2025
32%
88 Carl Jenkinson RB 52 2 2 2014-2016
32%
117 Carlos Soler CM 31 1 1 2024-2025
32%
163 Grady Diangana RW 17 0 1 2018-2019
32%
172 Håvard Nordtveit DM 16 0 1 2016-2017
32%
14 Hayden Mullins DM 181 4 1 2003-2009
32%
174 Jack Wilshere CM 16 0 1 2018-2020
32%
47 Joey O'Brien RB 91 3 6 2011-2015
32%
155 John Carew ST 19 2 1 2011-2012
32%
37 Julien Faubert RB 103 2 10 2007-2012
32%
263 Marouane Chamakh ST 3 0 0 2012-2013
32%
80 Paul Konchesky LB 58 1 4 2005-2007
32%
121 David Di Michele ST 30 4 4 2008-2009
30%
97 Dean Ashton ST 46 15 1 2005-2006, 2007-2009
30%
190 Emmanuel Emenike ST 13 0 0 2015-2016
30%
96 Gary O'Neil CM 48 3 7 2010-2013
30%
254 Gökhan Töre RW 5 0 1 2016-2017
30%
55 Guy Demel RB 76 1 2 2011-2015
30%
194 Jimmy Walker GK 13 0 0 2004-2006
30%
167 Jonathan Calleri ST 16 1 0 2016-2017
30%
145 Mauro Zárate ST 22 5 1 2014-2016
30%
159 Ravel Morrison AM 18 3 2 2011-2012, 2013-2015
30%
42 Steve Lomas CM 92 6 2 2000-2005
30%
265 Álvaro Arbeloa RB 3 0 0 2016-2017
27%
18 Christian Dailly CB 158 3 4 2000-2007
27%
288 Conor Coventry DM 1 0 0 2022-2023
27%
228 Divin Mubama ST 8 0 0 2022-2024
27%
274 Elliot Lee AM 2 0 0 2013-2015
27%
227 Evan Ferguson ST 8 0 0 2024-2025
27%
149 Flynn Downes DM 21 0 0 2022-2023
27%
66 Hérita Ilunga LB 66 0 3 2008-2012
27%
192 João Mário LW 13 2 1 2017-2018
27%
92 Lee Bowyer CM 51 4 3 2002-2003, 2006-2009
27%
197 Lionel Scaloni RB 13 0 0 2005-2006
27%
182 Lucas Pérez ST 15 3 0 2018-2019
27%
57 Matthew Taylor LM 76 2 12 2011-2014
27%
203 Thomas Hitzlsperger CM 11 2 4 2010-2011
27%
210 Antonio Nocerino CM 10 0 0 2013-2014
24%
141 Guillermo Franco ST 23 5 3 2009-2010
24%
290 Harrison Ashby RB 1 0 0 2021-2022
24%
250 Jeremy Ngakia RB 5 0 0 2019-2020
24%
119 Kieron Dyer RM 30 0 2 2007-2011
24%
205 Luis Jiménez AM 11 1 3 2009-2010
24%
138 Morgan Amalfitano RM 24 3 1 2014-2015
24%
140 Nolberto Solano RM 23 4 2 2007-2008
24%
87 Radoslav Kovac CB 53 3 3 2008-2011
24%
166 Rob Lee CM 16 0 1 2003-2004
24%
131 Victor Obinna CF 25 3 4 2010-2011
24%
168 Ashley Fletcher ST 16 0 0 2016-2017
22%
99 Carl Fletcher DM 44 3 1 2004-2006
22%
98 Freddie Sears CF 46 2 0 2007-2012
22%
212 Henri Camara ST 10 0 1 2007-2008
22%
204 Ilan ST 11 4 0 2009-2010
22%
36 Jack Collison CM 105 11 8 2007-2014
22%
154 John Paintsil RB 19 0 0 2006-2008
22%
135 Lars Jacobsen RB 24 0 0 2010-2011
22%
112 Modibo Maïga ST 34 4 4 2012-2013, 2015-2016
22%
51 Nigel Winterburn LB 82 1 0 2000-2003
22%
253 Pablo Armero LM 5 0 0 2013-2014
22%
202 Titi Camara ST 11 0 0 2000-2003
22%
178 Wayne Bridge LB 15 0 2 2010-2011
22%
216 Albian Ajeti ST 9 0 0 2019-2020
19%
273 Clive Clarke LB 2 0 0 2005-2006
19%
255 Craig Forrest GK 4 0 0 2000-2001
19%
244 David Martin GK 5 0 0 2019-2020
19%
262 Diego Poyet CM 3 0 0 2014-2015
19%
239 Emanuel Pogatetz CB 6 0 0 2012-2013
19%
54 Ian Pearce CB 78 6 0 2000-2004
19%
103 Junior Stanislas LW 42 5 4 2008-2012
19%
225 Kalvin Phillips DM 8 0 0 2023-2024
19%
279 Lewis Orford CM 2 0 0 2024-2025
19%
201 Luis Guilherme RW 12 0 0 2024-2025
19%
220 Nenê AM 8 0 0 2014-2015
19%
181 Pablo Barrera RW 15 0 0 2010-2012
19%
73 Sébastien Schemmel RB 63 1 2 2000-2003
19%
127 Sergiy Rebrov CF 26 1 2 2004-2005
19%
82 Stephen Bywater GK 55 0 0 2000-2001, 2003-2006
19%
111 Stuart Pearce LB 34 2 1 2000-2001
19%
187 Svetoslav Todorov ST 14 1 1 2000-2002
19%
147 Zavon Hines RW 22 1 0 2009-2011
19%
142 Calum Davenport CB 23 1 3 2004-2005, 2006-2007, 2008-2009
16%
198 Davor Suker ST 12 2 0 2000-2001
16%
188 Diego Tristán ST 14 3 1 2008-2009
16%
74 Don Hutchison AM 63 4 2 2001-2005
16%
86 Frédéric Piquionne ST 54 8 8 2010-2012
16%
102 John Moncur CM 42 0 0 2000-2003
16%
264 Josh Cullen DM 3 0 0 2015-2016, 2017-2018
16%
278 Kaelan Casey CB 2 0 0 2023-2025
16%
118 Manuel da Costa CB 31 3 0 2009-2011
16%
277 Marco Borriello ST 2 0 0 2013-2014
16%
236 Nigel Quashie CM 7 0 0 2006-2007
16%
171 Richard García CF 16 0 0 2001-2002, 2003-2005
16%
133 Rufus Brevett LB 25 1 0 2002-2005
16%
124 Sam Byram LB 27 0 1 2015-2018
16%
214 Savio Nsereko RW 10 0 1 2008-2009
16%
282 Xande Silva LW 1 0 0 2018-2019
16%
285 Youssef Sofiane ST 1 0 0 2003-2004
16%
122 Abdoulaye Faye CB 29 0 1 2011-2012
14%
107 David Connolly ST 39 10 0 2003-2004
14%
229 Hannu Tihinen CB 8 0 0 2000-2001
14%
208 Hayden Foxe CB 11 0 0 2000-2002
14%
237 Jordan Spence RB 7 0 0 2009-2010, 2012-2013
14%
224 Kepa Blanco ST 8 1 0 2006-2007
14%
271 Pavel Srnicek GK 3 0 0 2003-2004
14%
283 Ruud Boffin GK 1 0 0 2010-2011
14%
105 Shaun Newton RM 40 1 0 2004-2007
14%
195 Vladimír Labant LB 13 0 0 2001-2003
14%
252 Wálter López LB 5 0 0 2008-2009
14%
241 Yaniv Katan AM 6 0 0 2005-2006
14%
240 Alou Diarra DM 6 0 0 2012-2014
11%
164 Andy Melville CB 17 0 0 2003-2005
11%
109 Chris Powell LB 36 0 3 2004-2005
11%
291 Dan Chesters RM 1 0 0 2021-2022
11%
189 Frank Nouble ST 13 1 0 2009-2012
11%
259 Grant McCann CM 4 0 0 2000-2002
11%
152 Igor Stimac CB 19 0 0 2000-2001
11%
209 Kaba Diawara ST 11 0 0 2000-2001
11%
232 Laurent Courtois LM 7 0 0 2001-2002
11%
257 Manuel Almunia GK 4 0 0 2011-2012
11%
266 Mladen Petric ST 3 0 0 2013-2014
11%
223 Niclas Alexandersson RM 8 0 0 2003-2004
11%
215 Paul Kitson ST 9 3 0 2000-2002
11%
222 Reece Oxford CB 8 0 0 2015-2016, 2017-2018
11%
292 Sonny Perkins RW 1 0 0 2021-2022
11%
275 Trent McClenahan CB 2 0 0 2004-2005
11%
242 Tyrone Mears RB 5 0 0 2006-2007
11%
243 Darren Powell CB 5 1 0 2004-2005
8%
185 Gary Breen CB 14 0 0 2002-2003
8%
260 Javier Margas CB 3 0 0 2000-2001
8%
233 Jérémie Aliadière ST 7 0 0 2005-2006
8%
267 Jordan Hugill ST 3 0 0 2017-2018
8%
125 Kevin Horlock DM 27 1 1 2003-2004
8%
170 Neil Mellor ST 16 2 1 2003-2004
8%
186 Nicky Maynard ST 14 2 2 2011-2012
8%
248 Reece Burke CB 5 0 0 2014-2015
8%
161 Scott Minto LB 18 0 0 2000-2003
8%
129 Brian Deane ST 26 6 1 2003-2004
5%
160 Chris Cohen CM 18 0 0 2003-2005
5%
249 David Bentley RM 5 0 0 2011-2012
5%
281 Gary Charles RB 1 0 0 2000-2001
5%
191 Jobi McAnuff LW 13 1 0 2003-2005
5%
180 Jon Harley LB 15 1 0 2003-2004
5%
280 Josh Payne DM 2 0 0 2008-2009
5%
114 Luke Chadwick AM 32 1 6 2004-2005
5%
158 Malky Mackay CB 18 2 0 2004-2005
5%
270 Matthew Kilgallon CB 3 0 0 2003-2004
5%
276 Nathan Holland LW 2 0 0 2019-2020
5%
293 Péter Kurucz GK 1 0 0 2009-2010
5%
234 Ragnvald Soma CB 7 0 0 2000-2002
5%
235 Robbie Stockdale RB 7 0 0 2003-2004
5%
143 Sam Baldock ST 23 5 1 2011-2012
5%
175 Adam Nowland AM 15 1 0 2003-2005
3%
268 Christian Bassila CB 3 0 0 2000-2001
3%
221 David Bellion ST 8 0 0 2005-2006
3%
238 Fabio Daprelà CB 7 0 0 2009-2010
3%
146 Henri Lansbury CM 22 1 2 2011-2012
3%
287 Mauricio Taricco LB 1 0 0 2004-2005
3%
289 Sébastien Carole RW 1 0 0 2003-2004
3%
286 Shaun Byrne LB 1 0 0 2001-2002
3%
144 Wayne Quinn LB 22 0 1 2003-2004
3%
No matching quizzes found
Score Distribution
Percent of People with Each Score
Percentile by Number Answered
Your Score History
You have not taken this quiz